00561nam a22001457a 4500008004100000020001800041040001500059050002500074100002100099245017800120260004700298300002100345500001900366650003000385250212b |||||||| |||| 00| 0 eng d a9781785281945 aKABUcKABU aQA76.9b.I52M55 2017 aMiller, James D. aBig data Visualization:bLearn effective tools and techniques to separate big data into manageable and logical components for efficient data visualization /cJames D. Miller aBirmingham:bPackt Publishing Ltd.,c2017. av, 288p.bill. ; aIncludes index aInformation visualization